000 00475pab a2200193 454500
008 180718b2010 xxu||||| |||| 00| 0 eng d
100 _aSebastian, P.a.
245 _aSecularism and the indian judiciary
260 _c2010
300 _ap.42-45.
362 _a11 Dec
650 _aReligion - India
650 _aJudiciary - India
650 _aSecularism - India
650 _aSecularism
773 _aEconomic and Political Weekly
908 _aN
909 _a90166
999 _c90166
_d90166